000 00226nam a2200097Ia 4500
008 190216s9999||||xx |||||||||||||| ||und||
100 _aLawrence C Kobb
245 0 _aNoys Modern Clinical Phsycology
260 _bNull
942 _cBK
999 _c1243
_d1243